Associe ces toupies à leurs bladers (Beyblade: Metal Masters) - Statistiques

Statistiques générales
  • Ce quiz a été pris 171 fois
  • Le résultat moyen est 21 sur 28
Statistiques - réponses
Hint Réponse % Correct
Ryuga Meteo L-Drago
98%
Yu Tendo (GanGan Galaxy, Japon) Flame Libra
97%
Tsubasa Otori (GanGan Galaxy, Japon) Earth Eagle
95%
Masamune Kadoya (GanGan Galaxy, Japon) Ray Striker
95%
Gingka Hagane (GanGan Galaxy, Japon) Galaxy Pegasus
94%
Benkei Hanawa (Wild Fang, Afrique) Dark Bull
91%
Kyoya Tategami (Wild Fang, Afrique) Rock Leone
90%
Julian Konzern (Excalibur, Europe) Gravity Destroyer
84%
Damian Hart (Star Breaker, États-Unis) Hades Kerbecs
84%
Dashan Wang (Wang Hu Zhong, Chine) Rock Zurafa
84%
Jack (Star Breaker, États-Unis) Evil Befall
82%
Wales (Excalibur, Europe) Blue Grand Cetus
81%
Chi-Yun Li (Wang Hu Zhong, Chine) Thermal Lacerta
80%
Toby / Faust Rock Aries / Twisted Tempo
78%
Nile (Wild Fang, Afrique) Vulcan Horuseus
75%
Zeo Abyss (Star Breaker, États-Unis) Flame Byxis
74%
Sophie (Excalibur, Europe) White Grand Cetus
72%
Nowaguma (Lovushka, Russie) Rock Orso
69%
Mei-Mei (Wang Hu Zhong, Chine) Hyper Aquario
64%
Argo Garcia (Garcia, Brésil) Ray Gil
62%
Chaoxin (Wang Hu Zhong, Chine) Poison Virgo
59%
Selen et Enzo Garcia (Garcia, Brésil) Ray Gasher
58%
Aleksei (Lovushka, Russie) Burn Wolf
54%
Klaus (Excalibur, Europe) Grand Capricorne
54%
Ian Garcia (Garcia, Brésil) Cyclone Herculeo
52%
Dr Ziggurat Spiral Capricorn
50%
Lira (Lovushka, Russie) Rock Scorpio
40%
Damure (Wild Fang, Afrique) Counter Scorpio
39%
Aucun quiz correspondant
Distribution des résultats
% des personnes avec chaque résultat
Percentile par nombre de réponses
Votre historique - résultats
Vous n’avez pas pris ce quiz